Ace Attorney Personnages par Images - Statistiques

Statistiques générales
  • Ce quiz a été pris 43 fois
    3 depuis la dernière actualisation
  • Le résultat moyen est 72 sur 153
Statistiques - réponses
Par images Réponse % Correct
Acro / Oleg Loche
100%
Alex Marshall
100%
Ami Fey
100%
Benjamin Hunter
100%
Bernick de Killer / Alonzo Bistro
100%
Cindy Stone
100%
Dahlia Plantule / Melissa Foster
100%
Daisy Sperey
100%
Damien Gant
100%
Dee Vasquez
100%
Dick Tektiv
100%
Diego Armando
100%
Ema Skye
100%
Eric Lebon
100%
Eva Cozésouci
100%
Flavie Eïchouette
100%
Frank Khavu
100%
Franziska von Karma
100%
Furio Tigre
100%
Godot
100%
Gustavo Lonté
100%
Henri Duplaisir
100%
Henri Hunter
100%
Iris
100%
Jean Durand
100%
Joe Sinister
100%
Juge
100%
Juge Udgey
100%
Lana Skye
100%
Lutin Bleu
100%
Maguy Loiseau
100%
Manfred von Karma
100%
Matt Engarde
100%
Matt Moissat
100%
Maximilien Galactica / Pierre-Paul Jacques
100%
Maya Fey
100%
Mia Fey
100%
Misty Fey
100%
Paul Defès / Laurence Deauxnim
100%
Pearl Fey
100%
Phoenix Wright
100%
Redd White
100%
Richard Wellington
100%
Samuel Rosenberg
100%
Valérie Plantule
100%
Victor Boulay
100%
Yanni Yogi
100%
Alex Plausif
50%
Alice
50%
Alita Tiala
50%
Andréa Landry
50%
Angélique Starr
50%
Anne Bator
50%
Apollo Justice
50%
Athena Cykes
50%
Bikini
50%
Damien Tenma
50%
Daryan Crescend
50%
Désirée Duplaisir
50%
Élise Deauxnim
50%
Enzo Enigmar / Zachary Grimoire
50%
Enzo Gomez
50%
Fantôme
50%
Félicio Fallacius
50%
Fred Marshall
50%
Frisé / Jeff Rizet
50%
Gaspard Boulay
50%
Groom
50%
Ines Sperey
50%
Jack Lamenoire
50%
Jacques Hammer
50%
Joseph Monin
50%
Justin Brillant
50%
Kévin Miron
50%
Konrad Gavin
50%
Kristoph Gavin
50%
Lamiroir
50%
L'Incroyable M. Chapeau
50%
Louis Lebelle
50%
Marc Ram
50%
Marguerite Dubois
50%
Masha Vril
50%
Melchior Grimoire
50%
Missile
50%
Morgan Fey
50%
Olga Orly
50%
Patrick Hauméot
50%
Régis Florimet
50%
Sal Monello
50%
Thalassa Grimoire
50%
Tomas Kashkash
50%
Vera Monin
50%
Vérité Wright
50%
Victor Kudo
50%
Violette Cadaverini
50%
Virgil Grimoire
50%
Willy Kitaki
50%
Adam Mada
0%
Aki Kitaki / Petit Ange
0%
Amie-tron
0%
Anthony Doisot
0%
Arsène Loupet
0%
Arthur Larcher
0%
Aurore Lamenoire
0%
Bate / Alec Loche
0%
Bill Ballaud
0%
Bruto Cadaverini
0%
Calami-tron
0%
Camille Bongars
0%
Céleste Lavoute
0%
Constance Delacour
0%
Cosette Lafouine
0%
Dustin Prince
0%
Eddy Taurial
0%
Edgar Tatillon
0%
Elsa Coffré
0%
Émile Sabord
0%
Guy Eldoon
0%
Icare Solo
0%
Iseult Rosentz
0%
Juan Corrida
0%
Julia Vernie
0%
Karim Duflot
0%
Ken Bullard
0%
Ken Kitaki / Gros Gains
0%
Kishik
0%
Léon
0%
L'Incroyable Neuf-Queues
0%
Lisa Basil
0%
Loïc Hullere
0%
Luigi Labocca
0%
Malveina Tenma
0%
Marine Désiles
0%
Mask☆DeMasque
0%
Metis Cykes
0%
Mike / Michael Heurtarive
0%
Money
0%
Monique Hullere
0%
Pantoufle
0%
Parasite
0%
Paula
0%
Paul Afforme
0%
Pauli
0%
Paul Meraktis
0%
Pierre Terrian
0%
Piplet
0%
Pustule
0%
Rex Kyubi
0%
Romain LeTouse
0%
Sashoff / Chambouseux
0%
Taka
0%
Yuri Cosmos
0%
Yvan Triloque
0%
Aucun quiz correspondant
Distribution des résultats
% des personnes avec chaque résultat
Percentile par nombre de réponses
Votre historique - résultats
Vous n’avez pas pris ce quiz depuis la dernière actualisation